Communauté d'agglomération du Douaisis - Statistiques

Statistiques générales
  • Ce quiz a été pris 136 fois
  • Le résultat moyen est 11 sur 35
Réponses sur la Carte
Les réponses sont colorées sur une échelle allant du rouge au vert en fonction du pourcentage des utilisateurs qui les ont devinées à leur premier essai. Vous pouvez retrouver ces pourcentages ci-dessous.
 
Statistiques - réponses
Communes % Correct
Douai
94%
Sin le Noble
80%
Waziers
75%
Dechy
62%
Lambres lez Douai
62%
Cuincy
55%
Flers en Escrebieux
49%
Auby
45%
Roost Warendin
45%
Lallaing
36%
Arleux
35%
Guesnain
35%
Râches
33%
Courchelettes
30%
Raimbeaucourt
30%
Férin
29%
Cantin
26%
Lauwin Planque
22%
Anhiers
19%
Aubigny au Bac
19%
Flines lez Raches
19%
Bugnicourt
17%
Goeulzin
17%
Lécluse
17%
Esquerchin
16%
Faumont
16%
Fressain
13%
Estrées
12%
Féchain
12%
Hamel
12%
Roucourt
12%
Villers au Tertre
9%
Brunémont
7%
Erchin
7%
Marcq en Ostrevent
4%
Aucun quiz correspondant
Distribution des résultats
% des personnes avec chaque résultat
Percentile par nombre de réponses
Votre historique - résultats
Vous n’avez pas pris ce quiz